Samaveshi shiksha (Record no. 393813)

MARC details
000 -LEADER
fixed length control field 00498 a2200193 4500
005 - DATE & TIME
control field 20260102163937.0
008 - FIXED-LENGTH DATA ELEMENTS--GENERAL INFORMATION
fixed length control field 260102b |||||||| |||| 00| 0 eng d
020 ## - ISBN
International Standard Book Number 9789393322388
Price Rs. 500.00
040 ## - CATALOGING SOURCE
Original cataloging agency VIVEKANANDA LIBRARY
082 ## - DDC NUMBER
Classification number 371.904
Book Number M412S
100 ## - MAIN ENTRY--PERSONAL NAME
Personal name Mataniya, Aradhana
245 ## - TITLE STATEMENT
Title Samaveshi shiksha
260 ## - PUBLICATION, DISTRIBUTION, ETC. (IMPRINT)
Name of publisher, distributor, etc Kanishka Publishing House
Date of publication, distribution, etc 2023
Place of publication, distribution, etc New Delhi
300 ## - PHYSICAL DESCRIPTION
Pages 148
650 ## - Subject
Subject Education
650 ## - Subject
Subject Special Education
650 ## - Subject
Subject Inclusive Education
942 ## - ADDED ENTRY ELEMENTS (KOHA)
Koha item type Books
Holdings
Withdrawn status Lost status Source of classification or shelving scheme Damaged status Not for loan Location (home branch) Sublocation or collection (holding branch) Shelving location Date acquired Koha issues (times borrowed) Koha full call number Accession No. Koha date last seen Koha item type
    Dewey Decimal Classification     VIVEKANANDA LIBRARY VIVEKANANDA LIBRARY Centre for Disability Studies 03/12/2025   371.904 M412S 443492 03/12/2025 Books
    Dewey Decimal Classification     VIVEKANANDA LIBRARY VIVEKANANDA LIBRARY Centre for Disability Studies 03/12/2025   371.904 M412S 443490 03/12/2025 Books
    Dewey Decimal Classification     VIVEKANANDA LIBRARY VIVEKANANDA LIBRARY Centre for Disability Studies 03/12/2025   371.904 M412S 443493 03/12/2025 Books
    Dewey Decimal Classification     VIVEKANANDA LIBRARY VIVEKANANDA LIBRARY Centre for Disability Studies 03/12/2025   371.904 M412S 443489 03/12/2025 Books
    Dewey Decimal Classification     VIVEKANANDA LIBRARY VIVEKANANDA LIBRARY Centre for Disability Studies 03/12/2025   371.904 M412S 443491 03/12/2025 Books
© Designed and Maintained by Vivekananda Library, MDU Rohtak